Big 4 Repeating Champions - Statistics

General Stats
  • This quiz has been taken 38 times
    14 since last reset
  • The average score is 47 of 55
Answer Stats
League Years Answer % Correct
NBA 1991-1993 Chicago Bulls
100%
NBA 1996-1998 Chicago Bulls
100%
NBA 2017, 2018 Golden State Warriors
100%
NBA 1987, 1988 Los Angeles Lakers
100%
NBA 2000-2002 Los Angeles Lakers
100%
NBA 2009, 2010 Los Angeles Lakers
100%
NBA 2012, 2013 Miami Heat
100%
NBA 1949, 1950 Minneapolis Lakers
100%
NBA 1952-1954 Minneapolis Lakers
100%
MLB 1927, 1928 New York Yankees
100%
MLB 1936-1939 New York Yankees
100%
MLB 1949-1953 New York Yankees
100%
MLB 1961, 1962 New York Yankees
100%
MLB 1977, 1978 New York Yankees
100%
MLB 1998-2000 New York Yankees
100%
NBA 1959-1966 Boston Celtics
93%
NBA 1968, 1969 Boston Celtics
93%
MLB 1975, 1976 Cincinnati Reds
93%
NFL 2004, 2005 New England Patriots
93%
NFL 1993, 1994 Dallas Cowboys
86%
NHL 1984, 1985 Edmonton Oilers
86%
NHL 1987, 1988 Edmonton Oilers
86%
NHL 2024, 2025 Florida Panthers
86%
NFL 2023, 2024 Kansas City Chiefs
86%
MLB 2024, 2025 Los Angeles Dodgers
86%
MLB 1921, 1922 New York Giants
86%
NFL 1975, 1976 Pittsburgh Steelers
86%
NFL 1979, 1980 Pittsburgh Steelers
86%
NHL 1947-1949 Toronto Maple Leafs
86%
NHL 1962-1964 Toronto Maple Leafs
86%
MLB 1907, 1908 Chicago Cubs
79%
NBA 1989, 1990 Detroit Pistons
79%
NHL 1936, 1937 Detroit Red Wings
79%
NHL 1954, 1955 Detroit Red Wings
79%
NHL 1997, 1998 Detroit Red Wings
79%
NFL 1967, 1968 Green Bay Packers
79%
NBA 1994, 1995 Houston Rockets
79%
NHL 1930, 1931 Montreal Canadiens
79%
NHL 1956-1960 Montreal Canadiens
79%
NHL 1965, 1966 Montreal Canadiens
79%
NHL 1968, 1969 Montreal Canadiens
79%
NHL 1976-1979 Montreal Canadiens
79%
MLB 1910, 1911 Philadelphia Athletics
79%
MLB 1929, 1930 Philadelphia Athletics
79%
NHL 1991, 1992 Pittsburgh Penguins
79%
NHL 2016, 2017 Pittsburgh Penguins
79%
NFL 1989, 1990 San Francisco 49ers
79%
NHL 2020, 2021 Tampa Bay Lightning
79%
MLB 1915, 1916 Boston Red Sox
71%
NFL 1998, 1999 Denver Broncos
71%
NFL 1973, 1974 Miami Dolphins
71%
NHL 1980-1983 New York Islanders
71%
NHL 1974, 1975 Philadelphia Flyers
71%
MLB 1992, 1993 Toronto Blue Jays
71%
MLB 1972-1974 Oakland Athletics
64%
No matching quizzes found
Score Distribution
Percent of People with Each Score
Percentile by Number Answered
Your Score History
You have not taken this quiz since the last reset